000 00890nam a2200265Ia 4500
003 OSt
005 20220923211208.0
006 a|||||r|||| 00| 0
007 ta
008 220922b |||||||| |||| 00| 0 pan d
020 _a9781989310120 (hbk)
_c345
024 _a349,384
037 _b172, 15/02/2019, National Book Shop
_cTextual
040 _aARTS
_cARTS
_bpan
041 _2pan
_apan
082 _aO153,3NGUw, Q9
100 _aਗੁਰੁਚਨ, ਂਚ.
_9159447
245 0 _aਉਨ੍ਹਾਂ ਦਿਨਾਂ ਵਿਚ
260 _aਪਟਿਆਲਾ
_b ਅੰਟਮ ਆਰਟ
_c2019
300 _a366ਪ੍ਰ0
_ccm.
650 _a ਪੰਜਾਬੀ ਕਹਾਣੀ
650 _aਪੰਜਾਬੀ ਸਾਹਿਤ
942 _hO153,3NGUw, Q9
_cTEXL
_2CC
999 _c296667
_d296667